| 000 | 00374nam a22001337a 4500 | ||
|---|---|---|---|
| 020 | _a0070240620 | ||
| 040 | _cNust | ||
| 082 |
_a621.3848 _bGOU |
||
| 100 |
_aFredrick L. Gould _9127471 |
||
| 245 |
_aRadar for technicians _bInstallation, maintenance, and repair |
||
| 260 |
_aNew York: _bMcGraw Hill, _c1995. |
||
| 650 |
_aRadar for technicians _9127472 |
||
| 942 |
_2ddc _cBK |
||
| 999 |
_c612590 _d612590 |
||